[Event "LiSB-ch"]
[Site "Stein"]
[Date "2002.12.01"]
[Round "4"]
[White "Van Mulekom, Hans"]
[Black "Graff, Marcel"]
[Result "0-1"]
[WhiteElo "1853"]
[BlackElo "1824"]
[PlyCount "40"]
[EventDate "2002.11.30"]
[EventType "swiss"]
[EventRounds "7"]
[EventCountry "NED"]
[Source "P.Boonen"]
[SourceDate "2012.01.01"]

1. e4 e6 2. d4 d5 3. exd5 exd5 4. Nf3 Bd6 5. Bd3 Ne7 6. O-O O-O 7. Bxh7+ Kxh7
8. Ng5+ Kg8 9. Qh5 Bf5 10. f4 Bg6 11. Qh3 Qd7 12. g4 f5 13. Qb3 fxg4 14. c4
Nbc6 15. c5 Nxd4 16. Qd1 Bxc5 17. Kg2 Nc2 18. Re1 Nxe1+ 19. Qxe1 Rae8 20. Ne6
Be4+ 0-1

[Event "LiSB-ch"]
[Site "Stein"]
[Date "2002.12.07"]
[Round "5"]
[White "Bischoff, Gerard"]
[Black "Seip, Rien"]
[Result "1-0"]
[WhiteElo "1895"]
[BlackElo "1857"]
[PlyCount "61"]
[EventDate "2002.11.30"]
[EventType "swiss"]
[EventRounds "7"]
[EventCountry "NED"]
[Source "P.Boonen"]
[SourceDate "2012.01.01"]

1. d4 Nf6 2. c4 g6 3. Nc3 Bg7 4. e4 d6 5. f3 O-O 6. Be3 e5 7. d5 Nh5 8. g4 Nf4
9. Qd2 f5 10. gxf5 gxf5 11. O-O-O a6 12. Nge2 b5 13. Nxf4 exf4 14. Bd4 b4 15.
Rg1 Rf7 16. Ne2 fxe4 17. Nxf4 Qh4 18. Ne6 Bxe6 19. dxe6 Re7 20. Rg4 Qh5 21. Bf6
Nc6 22. Qd5 Qh6+ 23. Bg5 Qxh2 24. Rg2 Qe5 25. Qxc6 Rb8 26. Rd5 Qxe6 27. Bxe7 b3
28. axb3 exf3 29. Rxg7+ Kxg7 30. Bg5 Qe1+ 31. Rd1 1-0

[Event "LiSB-ch"]
[Site "Stein"]
[Date "2002.12.07"]
[Round "5"]
[White "Graff, Marcel"]
[Black "Miesen, Fabian"]
[Result "1/2-1/2"]
[WhiteElo "1824"]
[BlackElo "1669"]
[PlyCount "73"]
[EventDate "2002.11.30"]
[EventType "swiss"]
[EventRounds "7"]
[EventCountry "NED"]
[Source "P.Boonen"]
[SourceDate "2012.01.01"]

1. Nf3 Nf6 2. g3 g6 3. Bg2 Bg7 4. O-O O-O 5. c4 d6 6. Nc3 Nc6 7. d3 e5 8. Bg5
h6 9. Bxf6 Bxf6 10. Rc1 Be6 11. Qa4 Qd7 12. Nd2 Bg7 13. e3 f5 14. Nd5 Kh7 15.
b4 g5 16. b5 Nd8 17. Nb4 f4 18. exf4 exf4 19. Be4+ Bf5 20. f3 Bxe4 21. Nxe4
fxg3 22. hxg3 Qh3 23. Nc2 Be5 24. Ne3 Bxg3 25. Qc2 Bf4 26. Rce1 Bxe3+ 27. Rxe3
Ne6 28. d4 Kg7 29. Qc3 Nf4 30. d5+ Kg6 31. Rf2 Qf5 32. Ng3 Qf6 33. Qc2+ Kg7 34.
Re6 Qf7 35. Qc3+ Kh7 36. Qc2+ Kg7 37. Qc3+ 1/2-1/2

[Event "LiSB-ch"]
[Site "Stein"]
[Date "2002.12.07"]
[Round "5"]
[White "Metsemakers, Peter"]
[Black "Frenken, Marcel"]
[Result "1/2-1/2"]
[WhiteElo "1818"]
[BlackElo "2038"]
[PlyCount "85"]
[EventDate "2002.11.30"]
[EventType "swiss"]
[EventRounds "7"]
[EventCountry "NED"]
[Source "P.Boonen"]
[SourceDate "2012.01.01"]

1. e4 c5 2. Nf3 Nc6 3. Bb5 g6 4. O-O Bg7 5. c3 a6 6. Bxc6 dxc6 7. d3 e5 8. Be3
b6 9. d4 cxd4 10. cxd4 exd4 11. Bxd4 Bxd4 12. Qxd4 Qxd4 13. Nxd4 c5 14. Nc2 Bb7
15. Nc3 O-O-O 16. Rad1 Ne7 17. Ne3 Rd4 18. Nc2 Rxd1 19. Rxd1 Rd8 20. Rxd8+ Kxd8
21. f3 Kc7 22. Ne3 b5 23. Kf2 c4 24. g3 Kd6 25. f4 Kc5 26. e5 Kd4 27. Ke2 Bc6
28. Nc2+ Kc5 29. g4 b4 30. Nd1 Nd5 31. f5 Bd7 32. Nde3 c3 33. b3 Nxe3 34. Nxe3
a5 35. Kd3 a4 36. h4 axb3 37. axb3 Bb5+ 38. Ke4 Bc6+ 39. Kd3 Bd5 40. Nxd5 Kxd5
41. e6 Kd6 42. exf7 Ke7 43. f6+ 1/2-1/2

[Event "LiSB-ch"]
[Site "Stein"]
[Date "2002.12.07"]
[Round "5"]
[White "Simenon, Jozef"]
[Black "Scheeren, Fred"]
[Result "1/2-1/2"]
[WhiteElo "1960"]
[BlackElo "1941"]
[PlyCount "96"]
[EventDate "2002.11.30"]
[EventType "swiss"]
[EventRounds "7"]
[EventCountry "NED"]
[Source "P.Boonen"]
[SourceDate "2012.01.01"]

1. c4 Nf6 2. Nc3 c5 3. g3 Nc6 4. Bg2 g6 5. d3 Bg7 6. e4 O-O 7. Nge2 d6 8. O-O
h6 9. a3 Ne8 10. Rb1 Nc7 11. b4 Ne6 12. Be3 Ned4 13. Qd2 Kh7 14. Na4 Nxe2+ 15.
Qxe2 Nd4 16. Qd2 Bd7 17. Nc3 b6 18. f4 f5 19. Ne2 Nxe2+ 20. Qxe2 Rb8 21. Rbd1
e6 22. d4 Qe7 23. Bf2 Rfe8 24. Qd3 Rbd8 25. Rfe1 Qf8 26. Qb3 cxd4 27. Bxd4 e5
28. fxe5 dxe5 29. Bf2 f4 30. gxf4 exf4 31. c5 Be6 32. Qf3 bxc5 33. Bxc5 Qf7 34.
Rxd8 Rxd8 35. Rd1 Rxd1+ 36. Qxd1 Bb3 37. Qe2 Bc4 38. Qf2 a6 39. h3 Be5 40. Bf3
Qd7 41. Qg2 Be6 42. Bg4 h5 43. Bxe6 Qxe6 44. Qf3 Qc4 45. Bf2 Kh6 46. h4 Qc8 47.
Qd3 Qg4+ 48. Kf1 Qe6 1/2-1/2

[Event "LiSB-ch"]
[Site "Stein"]
[Date "2002.12.07"]
[Round "5"]
[White "Van Alphen, Raimund"]
[Black "Lafleur, John"]
[Result "0-1"]
[WhiteElo "1841"]
[BlackElo "1770"]
[PlyCount "68"]
[EventDate "2002.11.30"]
[EventType "swiss"]
[EventRounds "7"]
[EventCountry "NED"]
[Source "P.Boonen"]
[SourceDate "2012.01.01"]

1. e4 e5 2. Nf3 Nf6 3. Nxe5 d6 4. Nf3 Nxe4 5. d4 d5 6. Bd3 Bd6 7. O-O O-O 8. c4
c6 9. Re1 Re8 10. Nc3 Nxc3 11. bxc3 Rxe1+ 12. Qxe1 h6 13. Rb1 Nd7 14. cxd5 cxd5
15. Rb5 Nf6 16. Ne5 Qc7 17. f4 Bd7 18. Rb1 Re8 19. Bd2 Bc6 20. Qh4 Ne4 21. Bxe4
dxe4 22. Re1 Bd5 23. a4 a6 24. Qg4 Bxe5 25. fxe5 Re6 26. Re3 Qc6 27. Qd1 Rg6
28. a5 Bc4 29. Qc1 Qd5 30. Qb2 Bd3 31. Qb4 Qa2 32. Rxd3 exd3 33. c4 Qa1+ 34.
Kf2 Qxd4+ 0-1

[Event "LiSB-ch"]
[Site "Stein"]
[Date "2002.12.07"]
[Round "5"]
[White "Van Gool, Henk"]
[Black "Driessens, Patrick"]
[Result "0-1"]
[WhiteElo "2167"]
[BlackElo "2229"]
[PlyCount "132"]
[EventDate "2002.11.30"]
[EventType "swiss"]
[EventRounds "7"]
[EventCountry "NED"]
[Source "P.Boonen"]
[SourceDate "2012.01.01"]

1. e4 e6 2. d4 d5 3. Nd2 b6 4. c3 dxe4 5. Nxe4 Bb7 6. Bb5+ Nd7 7. Qe2 a6 8. Bd3
Ngf6 9. Nf3 Be7 10. Bg5 O-O 11. Nxf6+ Bxf6 12. Bxf6 Nxf6 13. O-O-O Qd6 14. Rhg1
Rfd8 15. Ne5 Qe7 16. g4 Nd7 17. g5 Nxe5 18. Qxe5 Rac8 19. Qe2 b5 20. Be4 Bxe4
21. Qxe4 Rd5 22. f4 Rcd8 23. b4 Qd6 24. Kb2 a5 25. a3 c6 26. Rd3 Ra8 27. Rh3 g6
28. Rd3 Qd7 29. Rdd1 Rf5 30. h4 a4 31. Rgf1 Kg7 32. Rd3 h6 33. gxh6+ Kxh6 34.
Rh3 Rh5 35. Rg1 Qd5 36. Qxd5 cxd5 37. Rg5 Rh8 38. c4 dxc4 39. Kc3 Kg7 40. Rc5
Rd8 41. Re5 Kf6 42. Rh1 Rd5 43. Rg5 Rf5 44. Rxh5 Rxh5 45. Kd2 Kf5 46. Ke3 Rh8
47. Rg1 Rxh4 48. Rg5+ Kf6 49. Rxb5 Rh3+ 50. Ke4 Rxa3 51. Rb6 Rb3 52. d5 a3 53.
d6 Rd3 54. Ra6 a2 55. Rxa2 Rxd6 56. Rc2 Rc6 57. Rc3 Ke7 58. Kd4 Kd6 59. Ke4 Kc7
60. Kd4 Kb6 61. Rxc4 Rxc4+ 62. Kxc4 f6 63. Kd4 Kb5 64. Kc3 g5 65. fxg5 fxg5 66.
Kd4 Kxb4 0-1

[Event "LiSB-ch"]
[Site "Stein"]
[Date "2002.12.07"]
[Round "5"]
[White "Van Mulekom, Hans"]
[Black "Leentjens, Gilbert"]
[Result "1-0"]
[WhiteElo "1853"]
[BlackElo "1781"]
[PlyCount "45"]
[EventDate "2002.11.30"]
[EventType "swiss"]
[EventRounds "7"]
[EventCountry "NED"]
[Source "P.Boonen"]
[SourceDate "2012.01.01"]

1. e4 e5 2. Nc3 Nc6 3. Bc4 Nf6 4. d3 Bc5 5. Nge2 d6 6. O-O Bg4 7. Bb5 a6 8.
Bxc6+ bxc6 9. Be3 Bb6 10. Qd2 O-O 11. Ng3 Nh5 12. Nce2 Nxg3 13. Nxg3 f5 14.
exf5 Qd7 15. Bxb6 cxb6 16. Qb4 Bxf5 17. Nxf5 Qxf5 18. Qxd6 Rf6 19. Qc7 Rg6 20.
f3 e4 21. fxe4 Qc5+ 22. Kh1 Qxc2 23. Qf7+ 1-0

[Event "LiSB-ch"]
[Site "Stein"]
[Date "2002.12.07"]
[Round "6"]
[White "Driessens, Patrick"]
[Black "Scheeren, Fred"]
[Result "1-0"]
[WhiteElo "2229"]
[BlackElo "1941"]
[PlyCount "63"]
[EventDate "2002.11.30"]
[EventType "swiss"]
[EventRounds "7"]
[EventCountry "NED"]
[Source "P.Boonen"]
[SourceDate "2012.01.01"]

1. d4 Nf6 2. c4 e6 3. Nf3 b6 4. Nc3 Bb7 5. a3 c5 6. d5 exd5 7. cxd5 d6 8. e4
Be7 9. Bd3 O-O 10. O-O Na6 11. Re1 Nc7 12. h3 a6 13. Rb1 b5 14. b4 c4 15. Bc2
Nd7 16. Be3 Bf6 17. Nd4 Ne5 18. f4 Ng6 19. Qd2 Ne7 20. g4 g6 21. Rf1 Bg7 22. f5
f6 23. Ne6 Nxe6 24. fxe6 Qc7 25. Rf3 Rab8 26. Bd4 Ba8 27. Rbf1 a5 28. Kh2 axb4
29. axb4 Qb7 30. Qf2 Rbd8 31. Bxf6 Bxf6 32. Rxf6 1-0

[Event "LiSB-ch"]
[Site "Stein"]
[Date "2002.12.07"]
[Round "6"]
[White "Leentjens, Gilbert"]
[Black "Metsemakers, Peter"]
[Result "0-1"]
[WhiteElo "1781"]
[BlackElo "1818"]
[PlyCount "40"]
[EventDate "2002.11.30"]
[EventType "swiss"]
[EventRounds "7"]
[EventCountry "NED"]
[Source "P.Boonen"]
[SourceDate "2012.01.01"]

1. e4 e5 2. Nc3 Bc5 3. f4 Bxg1 4. Rxg1 d6 5. Qf3 exf4 6. Bc4 Nc6 7. Ne2 Ne5 8.
Qb3 Qh4+ 9. g3 fxg3 10. Rxg3 Nf6 11. d4 Nxc4 12. Bg5 Qxh2 13. Qxc4 Nxe4 14.
Qxc7 O-O 15. Bf4 Nxg3 16. Bxg3 Qg2 17. Bxd6 Bg4 18. O-O-O Qxe2 19. Rg1 Qe3+ 20.
Kb1 Qxg1# 0-1

[Event "LiSB-ch"]
[Site "Stein"]
[Date "2002.12.07"]
[Round "6"]
[White "Miesen, Fabian"]
[Black "Simenon, Jozef"]
[Result "1/2-1/2"]
[WhiteElo "1669"]
[BlackElo "1960"]
[PlyCount "114"]
[EventDate "2002.11.30"]
[EventType "swiss"]
[EventRounds "7"]
[EventCountry "NED"]
[Source "P.Boonen"]
[SourceDate "2012.01.01"]

1. Nc3 c5 2. Nf3 Nf6 3. d4 cxd4 4. Nxd4 d6 5. g3 g6 6. Bg2 Bg7 7. O-O O-O 8.
Bg5 h6 9. Bxf6 Bxf6 10. Qd2 Bg7 11. Rfd1 Nd7 12. a4 Ne5 13. Nd5 e6 14. Ne3 d5
15. f4 Nc6 16. Nxc6 bxc6 17. c3 a5 18. Ng4 Rb8 19. e3 Qb6 20. Ne5 Qxb2 21. Qxb2
Rxb2 22. Rdb1 Bxe5 23. fxe5 Re2 24. Re1 Ba6 25. Rxe2 Bxe2 26. Rb1 Bd3 27. Rb2
g5 28. Bf1 Bg6 29. Kf2 Ra8 30. Ke2 c5 31. Kd2 c4 32. Bh3 Ra7 33. Rb8+ Kg7 34.
Bg2 Bd3 35. g4 Ra6 36. Bf3 Ra7 37. Kd1 Kg6 38. Rg8+ Kh7 39. Rb8 Kg7 40. Kd2 f6
41. exf6+ Kxf6 42. Rb6 Ke5 43. Be2 Be4 44. Rb5 Kf6 45. Kd1 Ra8 46. Kd2 Ke7 47.
h3 Bg2 48. Rb7+ Kf6 49. Rh7 Kg6 50. Re7 Ra6 51. Ke1 Be4 52. Kd2 Kf6 53. Rb7 d4
54. Rb5 d3 55. Bf1 Bd5 56. Rc5 Ke5 57. Bxd3 cxd3 1/2-1/2

[Event "LiSB-ch"]
[Site "Stein"]
[Date "2002.12.07"]
[Round "6"]
[White "Seip, Rien"]
[Black "Van Mulekom, Hans"]
[Result "1-0"]
[WhiteElo "1857"]
[BlackElo "1853"]
[PlyCount "109"]
[EventDate "2002.11.30"]
[EventType "swiss"]
[EventRounds "7"]
[EventCountry "NED"]
[Source "P.Boonen"]
[SourceDate "2012.01.01"]

1. d4 d5 2. c4 e6 3. Nc3 Nf6 4. Bg5 Be7 5. e3 O-O 6. Rc1 h6 7. Bh4 Ne4 8. Bxe7
Qxe7 9. cxd5 Nxc3 10. Rxc3 exd5 11. Bd3 Qg5 12. Rxc7 Qxg2 13. Qf3 Qg5 14. Ne2
Bg4 15. Qg3 Bxe2 16. Qxg5 hxg5 17. Kxe2 Nc6 18. Rg1 Rfe8 19. Kd2 Re7 20. Rxe7
Nxe7 21. Rxg5 f6 22. Rg1 Rc8 23. Rc1 Rxc1 24. Kxc1 Kf7 25. Kc2 g5 26. h3 f5 27.
Kb3 Ke6 28. Kb4 Kd6 29. Kc3 Ke6 30. Kd2 Kf6 31. Ke2 Ng6 32. Kf3 Ke6 33. Kg3 Kf6
34. Be2 Ne7 35. f4 Ng6 36. fxg5+ Kxg5 37. Bf3 f4+ 38. exf4+ Nxf4 39. h4+ Kf5
40. h5 Nxh5+ 41. Bxh5 Ke4 42. Kf2 a5 43. Ke2 Kxd4 44. Be8 Kc4 45. a4 b6 46. Ke3
d4+ 47. Ke4 Kc5 48. Bb5 Kd6 49. Kxd4 Ke6 50. Bc4+ Kd6 51. b3 Kc6 52. Ke5 Kc5
53. Bb5 Kb4 54. Kd5 Kxb3 55. Kc6 1-0

[Event "LiSB-ch"]
[Site "Stein"]
[Date "2002.12.07"]
[Round "6"]
[White "Van Gool, Henk"]
[Black "Bischoff, Gerard"]
[Result "0-1"]
[WhiteElo "2167"]
[BlackElo "1895"]
[PlyCount "100"]
[EventDate "2002.11.30"]
[EventType "swiss"]
[EventRounds "7"]
[EventCountry "NED"]
[Source "P.Boonen"]
[SourceDate "2012.01.01"]

1. e4 e5 2. Nf3 Nc6 3. Bb5 Nf6 4. d3 d6 5. c3 Be7 6. Nbd2 O-O 7. O-O a6 8. Ba4
b5 9. Bc2 Bg4 10. h3 Bh5 11. a4 b4 12. a5 Rb8 13. g4 Bg6 14. Nc4 Qc8 15. Ba4
Nd8 16. Ne3 c5 17. Bd2 bxc3 18. bxc3 Ne6 19. Nf5 Bxf5 20. gxf5 Nf4 21. Bxf4
exf4 22. Kh2 g6 23. Rg1 Rb2 24. Rg2 Nh5 25. Bb3 Kh8 26. Nd2 Qb8 27. Bd5 Bf6 28.
Nc4 Rb5 29. Rc1 Be5 30. Kh1 Nf6 31. d4 cxd4 32. cxd4 f3 33. Rg1 Bf4 34. Bc6
Bxc1 35. Qxc1 d5 36. exd5 Rb3 37. Ne5 Ne4 38. Qh6 Nxf2+ 39. Kh2 Rb2 40. Kg3
Ne4+ 41. Kf4 f2 42. Rf1 f6 43. Bd7 fxe5+ 44. Kxe4 gxf5+ 45. Bxf5 Re2+ 46. Kd3
Qb5+ 47. Kc3 Qb2+ 48. Kc4 Qxd4+ 49. Kb3 Rb8+ 50. Ka3 Qb4# 0-1

[Event "LiSB-ch"]
[Site "Stein"]
[Date "2002.12.07"]
[Round "6"]
[White "Van Haren, Marcel"]
[Black "Graff, Marcel"]
[Result "1/2-1/2"]
[WhiteElo "1704"]
[BlackElo "1824"]
[PlyCount "72"]
[EventDate "2002.11.30"]
[EventType "swiss"]
[EventRounds "7"]
[EventCountry "NED"]
[Source "P.Boonen"]
[SourceDate "2012.01.01"]

1. e4 e6 2. d3 d5 3. Nd2 c5 4. g3 Nc6 5. Bg2 g6 6. Ngf3 Bg7 7. c3 Nge7 8. O-O
O-O 9. Qe2 b6 10. Rd1 Ba6 11. c4 dxc4 12. dxc4 Qc7 13. a3 Rad8 14. Rb1 e5 15.
b3 Bc8 16. Bb2 Nd4 17. Nxd4 exd4 18. f4 Rfe8 19. Qd3 Bg4 20. Re1 Qc8 21. Nf3
Nc6 22. Re2 Re7 23. Rbe1 Rde8 24. Bc1 Na5 25. Rf2 Nb7 26. Nd2 Nd6 27. b4 Bh3
28. Bh1 Nf5 29. Nf1 Nh6 30. Bg2 Bxg2 31. Kxg2 Qb7 32. Rfe2 f5 33. Nd2 Ng4 34.
Kg1 Ne3 35. e5 Bh6 36. Nf1 Nxf1 1/2-1/2

[Event "LiSB-ch"]
[Site "Stein"]
[Date "2002.12.08"]
[Round "7"]
[White "Frenken, Marcel"]
[Black "Bischoff, Gerard"]
[Result "1/2-1/2"]
[WhiteElo "2038"]
[BlackElo "1895"]
[PlyCount "41"]
[EventDate "2002.11.30"]
[EventType "swiss"]
[EventRounds "7"]
[EventCountry "NED"]
[Source "P.Boonen"]
[SourceDate "2012.01.01"]

1. f4 d5 2. e3 c5 3. Nf3 Nc6 4. b3 Nf6 5. Bb2 e6 6. Bb5 Be7 7. O-O Bd7 8. Bxc6
Bxc6 9. Ne5 O-O 10. d3 Nd7 11. Nxd7 Bxd7 12. Qh5 Bf6 13. Be5 Bxe5 14. fxe5 f6
15. exf6 Rxf6 16. Nd2 Be8 17. Qe5 Bg6 18. Rf3 Rxf3 19. Nxf3 Qe7 20. Ng5 Bf5 21.
Nf3 1/2-1/2

[Event "LiSB-ch"]
[Site "Stein"]
[Date "2002.12.08"]
[Round "7"]
[White "Leentjens, Gilbert"]
[Black "Miesen, Fabian"]
[Result "1/2-1/2"]
[WhiteElo "1781"]
[BlackElo "1669"]
[PlyCount "92"]
[EventDate "2002.11.30"]
[EventType "swiss"]
[EventRounds "7"]
[EventCountry "NED"]
[Source "P.Boonen"]
[SourceDate "2012.01.01"]

1. e4 c5 2. Nf3 d6 3. d4 cxd4 4. Nxd4 Nf6 5. Nc3 g6 6. Be3 Bg7 7. f3 O-O 8. Qd2
Nc6 9. Bc4 Bd7 10. Bb3 Ne5 11. O-O-O Rc8 12. g4 Nc4 13. Bxc4 Rxc4 14. h4 Qa5
15. h5 Rfc8 16. hxg6 fxg6 17. Ncb5 Qxa2 18. Na3 Ra4 19. Qh2 Rxa3 20. bxa3 Qxa3+
21. Kd2 Qc3+ 22. Ke2 e5 23. Nf5 Bxf5 24. gxf5 Qc7 25. fxg6 hxg6 26. Qg3 Qf7 27.
Rxd6 Rxc2+ 28. Rd2 Nh5 29. Rxh5 Rxd2+ 30. Kxd2 gxh5 31. Ke2 b5 32. Qg5 b4 33.
Qd8+ Kh7 34. Qa5 Qc4+ 35. Kf2 Qc2+ 36. Kg3 h4+ 37. Kh3 Qe2 38. Qxa7 Qxf3+ 39.
Kxh4 Kg6 40. Qb6+ Qf6+ 41. Qxf6+ Bxf6+ 42. Kg4 b3 43. Bc1 Bg5 44. Bb2 Kf6 45.
Kf3 Ke6 46. Ke2 Kd6 1/2-1/2

[Event "LiSB-ch"]
[Site "Stein"]
[Date "2002.12.08"]
[Round "7"]
[White "Metsemakers, Peter"]
[Black "Van Mulekom, Hans"]
[Result "1/2-1/2"]
[WhiteElo "1818"]
[BlackElo "1853"]
[PlyCount "78"]
[EventDate "2002.11.30"]
[EventType "swiss"]
[EventRounds "7"]
[EventCountry "NED"]
[Source "P.Boonen"]
[SourceDate "2012.01.01"]

1. d4 d5 2. Nf3 Nf6 3. c4 e6 4. Nc3 Be7 5. Bg5 O-O 6. e3 h6 7. Bh4 Ne4 8. Bxe7
Qxe7 9. Rc1 c6 10. Qc2 Nxc3 11. Qxc3 Nd7 12. Bd3 dxc4 13. Bxc4 Re8 14. O-O e5
15. dxe5 Nxe5 16. Nxe5 Qxe5 17. Qb3 Re7 18. Rfd1 Bf5 19. Rd4 Rae8 20. Rcd1 Be6
21. Bxe6 Qxe6 22. Qxe6 Rxe6 23. Rd8 Kf8 24. R8d7 R6e7 25. R7d3 f6 26. Kf1 Re6
27. Ke2 Kf7 28. Kd2 Re5 29. Ke2 Rg5 30. g3 Rc5 31. R1d2 Rc1 32. Ra3 a6 33. Rd7+
Re7 34. Rxe7+ Kxe7 35. Rb3 b5 36. Kd2 Rh1 37. h4 Rf1 38. Ke2 Rc1 39. Kd2 Rf1
1/2-1/2

[Event "LiSB-ch"]
[Site "Stein"]
[Date "2002.12.08"]
[Round "7"]
[White "Scheeren, Fred"]
[Black "Lafleur, John"]
[Result "1/2-1/2"]
[WhiteElo "1941"]
[BlackElo "1770"]
[PlyCount "79"]
[EventDate "2002.11.30"]
[EventType "swiss"]
[EventRounds "7"]
[EventCountry "NED"]
[Source "P.Boonen"]
[SourceDate "2012.01.01"]

1. d4 d5 2. c4 c6 3. Nf3 Nf6 4. Nc3 e6 5. e3 Nbd7 6. Bd3 Bb4 7. O-O Bxc3 8.
bxc3 O-O 9. Qc2 h6 10. Bd2 Re8 11. e4 dxe4 12. Bxe4 Nxe4 13. Qxe4 Nf6 14. Qh4
b6 15. Ne5 Bb7 16. Rfd1 Nd7 17. Qg3 Kf8 18. Nxc6 Bxc6 19. Qd6+ Kg8 20. Qxc6 Rc8
21. Qb5 Nf6 22. Bf4 Ne4 23. Re1 Nd6 24. Bxd6 Qxd6 25. Qa6 Red8 26. Rab1 Rc7 27.
h3 Rdc8 28. c5 Qc6 29. cxb6 axb6 30. Qxb6 Qxb6 31. Rxb6 Rxc3 32. Ra6 Rd3 33. a4
Rxd4 34. Re3 Rc1+ 35. Kh2 Ra1 36. Ra8+ Kh7 37. Rf3 f6 38. a5 Rda4 39. Re8 Rxa5
40. Rxe6 1/2-1/2

[Event "LiSB-ch"]
[Site "Stein"]
[Date "2002.12.08"]
[Round "7"]
[White "Seip, Rien"]
[Black "Driessens, Patrick"]
[Result "1/2-1/2"]
[WhiteElo "1857"]
[BlackElo "2229"]
[PlyCount "22"]
[EventDate "2002.11.30"]
[EventType "swiss"]
[EventRounds "7"]
[EventCountry "NED"]
[Source "P.Boonen"]
[SourceDate "2012.01.01"]

1. d4 d6 2. c4 e5 3. Nf3 e4 4. Nfd2 f5 5. Nc3 g6 6. e3 Nf6 7. f3 exf3 8. Nxf3
Bg7 9. Bd3 O-O 10. O-O Qe7 11. Qc2 Re8 1/2-1/2

[Event "LiSB-ch"]
[Site "Stein"]
[Date "2002.12.08"]
[Round "7"]
[White "Simenon, Jozef"]
[Black "Van Gool, Henk"]
[Result "1-0"]
[WhiteElo "1960"]
[BlackElo "2167"]
[PlyCount "61"]
[EventDate "2002.11.30"]
[EventType "swiss"]
[EventRounds "7"]
[EventCountry "NED"]
[Source "P.Boonen"]
[SourceDate "2012.01.01"]

1. c4 e5 2. Nc3 Nc6 3. g3 g6 4. Bg2 Bg7 5. Rb1 f5 6. d3 a5 7. Bd2 d6 8. a3 Nf6
9. b4 axb4 10. axb4 O-O 11. Nh3 h6 12. f4 Qe8 13. b5 Nd8 14. Qc1 exf4 15. Nxf4
c6 16. bxc6 bxc6 17. Nb5 cxb5 18. Bxa8 g5 19. Nd5 Ng4 20. cxb5 Bb7 21. Bxb7
Nxb7 22. Qc6 Qf7 23. Nc7 Nc5 24. Qd5 Qxd5 25. Nxd5 Re8 26. Kf1 Re5 27. Nc7 Ne3+
28. Bxe3 Rxe3 29. b6 Nb7 30. Rb4 Re5 31. Ra4 1-0

[Event "LiSB-ch"]
[Site "Stein"]
[Date "2002.12.08"]
[Round "7"]
[White "Van Alphen, Raimund"]
[Black "Van Haren, Marcel"]
[Result "1-0"]
[WhiteElo "1841"]
[BlackElo "1704"]
[PlyCount "51"]
[EventDate "2002.11.30"]
[EventType "swiss"]
[EventRounds "7"]
[EventCountry "NED"]
[Source "P.Boonen"]
[SourceDate "2012.01.01"]

1. e4 c6 2. d4 d5 3. Nd2 dxe4 4. Nxe4 Bf5 5. Ng3 Bg6 6. h4 h6 7. Nf3 Nd7 8. h5
Bh7 9. Bd3 Bxd3 10. Qxd3 Ngf6 11. Bd2 e6 12. O-O-O Be7 13. Ne4 Nxe4 14. Qxe4
Nf6 15. Qe2 O-O 16. Kb1 a5 17. Ne5 Qc7 18. g4 b5 19. g5 hxg5 20. Bxg5 b4 21.
Rdg1 Nd5 22. Bxe7 Qxe7 23. Qd2 a4 24. h6 g6 25. h7+ Kh8 26. Rxg6 1-0

[Event "LiSB-ch Seniors"]
[Site "Stein"]
[Date "2002.11.30"]
[Round "1"]
[White "Montforts, Ton"]
[Black "Hanssen, Jacques"]
[Result "0-1"]
[WhiteElo "1626"]
[BlackElo "1481"]
[PlyCount "114"]
[EventDate "2002.11.30"]
[EventType "tourn"]
[EventRounds "5"]
[EventCountry "NED"]
[Source "P.Boonen"]
[SourceDate "2012.01.01"]

1. e4 g6 2. Nf3 Bg7 3. g3 c6 4. c4 d5 5. cxd5 cxd5 6. e5 Bg4 7. d4 e6 8. Bg2
Nc6 9. Na3 a6 10. O-O Qb6 11. Nc2 Nge7 12. b3 O-O 13. Bb2 Rac8 14. Qd2 Bxf3 15.
Bxf3 Nf5 16. Be2 Rc7 17. g4 Nfe7 18. Rfd1 Re8 19. Ne1 f5 20. h3 Nd8 21. Bc3
Nec6 22. Qb2 Rf8 23. Nd3 Rff7 24. Nc5 Bf8 25. Na4 Qa7 26. b4 b5 27. Nc5 Bxc5
28. bxc5 fxg4 29. hxg4 Rf4 30. f3 Nxe5 31. dxe5 Qxc5+ 32. Bd4 Qc2 33. Qxc2 Rxc2
34. Kf2 Rf7 35. Ke3 Rfc7 36. Bd3 R2c6 37. Kd2 Rf7 38. Be2 Nb7 39. Rdc1 Rfc7 40.
Rxc6 Rxc6 41. Rc1 Rxc1 42. Kxc1 Na5 43. a4 Nb3+ 44. Kd1 Nxd4 45. axb5 Nxb5 46.
Kd2 Kg7 47. Bd1 Nc7 48. Kc3 Kh6 49. Kb4 Nb5 50. Kc5 Kg5 51. Ba4 Kf4 52. Bxb5
axb5 53. Kd6 b4 54. Kxe6 b3 55. Kf6 b2 56. e6 b1=Q 57. e7 Qe1 0-1

[Event "LiSB-ch Seniors"]
[Site "Stein"]
[Date "2002.11.30"]
[Round "1"]
[White "Verstappen, Theo"]
[Black "Ebel, Huub"]
[Result "1-0"]
[WhiteElo "1524"]
[BlackElo "1276"]
[PlyCount "91"]
[EventDate "2002.11.30"]
[EventType "tourn"]
[EventRounds "5"]
[EventCountry "NED"]
[Source "P.Boonen"]
[SourceDate "2012.01.01"]

1. e4 e5 2. f4 d5 3. exd5 Qxd5 4. Nc3 Qe6 5. fxe5 Qxe5+ 6. Qe2 Qxe2+ 7. Bxe2
Nf6 8. d3 Bb4 9. Bd2 O-O 10. Nf3 Nc6 11. O-O Re8 12. Rae1 Be6 13. a3 Bf8 14.
Nb5 Rac8 15. Ng5 Bg4 16. Bxg4 Nxg4 17. Rxe8 Rxe8 18. Re1 Rxe1+ 19. Bxe1 h6 20.
Ne4 f5 21. Ng3 Bc5+ 22. Kh1 Bb6 23. Nxf5 a6 24. h3 Ne3 25. Nxe3 Bxe3 26. Nxc7
Bc1 27. Bc3 Ne7 28. g4 Ng6 29. Ne6 Kf7 30. Nxg7 Nf4 31. Kh2 Ne2 32. Nf5 Nxc3
33. bxc3 Bb2 34. a4 Bxc3 35. Nxh6+ Kg6 36. Nf5 Kg5 37. d4 b5 38. axb5 axb5 39.
d5 Ba5 40. d6 b4 41. d7 Kf6 42. Nd4 Ke7 43. Nc6+ Kxd7 44. Nxa5 Ke6 45. Kg3 Kf6
46. Nc6 1-0

[Event "LiSB-ch Seniors"]
[Site "Stein"]
[Date "2002.11.30"]
[Round "1"]
[White "Werts, Ruud"]
[Black "Blankertz, Harald"]
[Result "1-0"]
[WhiteElo "1595"]
[BlackElo "1254"]
[PlyCount "115"]
[EventDate "2002.11.30"]
[EventType "tourn"]
[EventRounds "5"]
[EventCountry "NED"]
[Source "P.Boonen"]
[SourceDate "2012.01.01"]

1. c4 c6 2. Nc3 Nf6 3. e4 d6 4. Nf3 Bg4 5. Be2 Bxf3 6. Bxf3 Nbd7 7. d4 e5 8. d5
Be7 9. O-O O-O 10. a3 a6 11. b4 c5 12. Be3 Qc7 13. b5 Nb6 14. Qb3 a5 15. Na4
Nfd7 16. Bg4 Nxa4 17. Bxd7 Nb6 18. Bf5 a4 19. Qc2 Bf6 20. Rab1 g6 21. Bh3 Qd8
22. f4 Qe7 23. f5 Bg5 24. Rf3 Bxe3+ 25. Rxe3 Kh8 26. Rf1 Kg7 27. Ref3 Qc7 28.
Qe2 Rad8 29. g4 f6 30. R1f2 g5 31. Bf1 Rh8 32. Rh3 Rd7 33. Rff3 Kg8 34. Rh6 Rg7
35. Rfh3 Qd8 36. R3h5 Kf7 37. Qf3 Ke7 38. Be2 Qa8 39. Qc3 Nd7 40. h4 b6 41.
hxg5 Kf7 42. g6+ Kg8 43. Qd2 Qa7 44. Bd1 Qa8 45. g5 Qa7 46. gxh7+ Rhxh7 47. g6
Rxh6 48. Qxh6 Kf8 49. Qh8+ Rg8 50. Qh6+ Rg7 51. Qd2 Qa5 52. Qxa5 bxa5 53. Bxa4
Nb6 54. Bc2 Nxc4 55. a4 Nb6 56. Kg2 Rc7 57. Rh8+ Kg7 58. Rh7+ 1-0